Sổ tay người dạy tiếng Anh
Shranjeno v:
| Glavni avtor: | |
|---|---|
| Format: | Knjiga |
| Jezik: | Vietnamese |
| Izdano: |
H.
Giáo Dục
1999
|
| Teme: | |
| Oznake: |
Označite
Brez oznak, prvi označite!
|
| Thư viện lưu trữ: | Trung tâm Học liệu Lê Vũ Hùng, Trường Đại học Đồng Tháp |
|---|
| LEADER | 00678pam a22002178a 4500 | ||
|---|---|---|---|
| 001 | 00025916 | ||
| 005 | 20210310100348.0 | ||
| 008 | 110812s1999 ||||||viesd | ||
| 041 | 0 | # | |a vie |
| 082 | 1 | 4 | |a 428 |b S450T |
| 100 | 0 | # | |a Thái Hoàng Nguyên |
| 245 | 0 | 0 | |a Sổ tay người dạy tiếng Anh |c Thái Hoàng Nguyên |
| 260 | # | # | |a H. |b Giáo Dục |c 1999 |
| 300 | # | # | |a 158tr. |c 19cm. |
| 653 | # | # | |a dạy học |
| 653 | # | # | |a tiếng anh |
| 852 | # | # | |b Kho giáo trình |j KGT.0027788 |
| 852 | # | # | |b Kho mượn |j KGT.0027788 |
| 852 | # | # | |j KGT.0027788 |
| 910 | # | # | |d 12/08/2011 |
| 980 | # | # | |a Trung tâm Học liệu Lê Vũ Hùng, Trường Đại học Đồng Tháp |